000 004200000a22001690004500
003 LK-CoMWRAF
008 230817t1996 ||||| |||| 00| 0 eng d
040 _aLK-CoMWRAF
_dLK-CoMWRAF
_eLK-CoMWRAF
041 _aeng
082 _a302
_bWOM
245 _aWomen in India:Profiles and Herstories
_b
260 _aBangalore
_bNational Alliance of Women
_c1996
300 _ap.49
650 _aInd
650 _aWomen
942 _cBK
999 _c39
_d39